Dům na ostrově Amelia /
Pohodový ženský román o matce a dcerách, poskytujících si vzájemně oporu v těžkých životních situacích.
Uloženo v:
| Hlavní autor: | |
|---|---|
| Další autoři: | |
| Médium: | Kniha |
| Jazyk: | Czech |
| Vydáno: |
Praha :
Ikar,
2026
|
| Vydání: | Vydání první |
| Témata: | |
| Celkem bylo vypůjčeno: | 1x |
| Tagy: |
Žádné tagy |
| LEADER | 02418nam a2200421 i 4500 | ||
|---|---|---|---|
| 001 | 106437 | ||
| 003 | CZ PrNK | ||
| 005 | 20260602121907.0 | ||
| 007 | ta | ||
| 008 | 260520s2026 xr g 000 f cze | ||
| 015 | |a cnb003750250 | ||
| 020 | |a 9788024958286 |q (brožováno) | ||
| 040 | |a ABG001 |b cze |e rda | ||
| 041 | 1 | |a cze |h eng | |
| 072 | 7 | |a 821.111(73)-3 |x Americká próza |2 Konspekt |9 25 | |
| 080 | |a 821.111(73)-31 |2 MRF | ||
| 080 | |a (0:82-31)-055.2 |2 MRF | ||
| 100 | 1 | |a Holloway, Hope |7 xx0345517 |4 aut |9 117397 | |
| 240 | 1 | 0 | |a Beach house on Amelia Island. |l Česky |
| 245 | 1 | 0 | |a Dům na ostrově Amelia / |c Hope Holloway ; přeložila Zuzana Hanešková |
| 250 | |a Vydání první | ||
| 264 | 1 | |a Praha : |b Ikar, |c 2026 | |
| 300 | |a 270 stran ; |c 20 cm | ||
| 336 | |a text |b txt |2 rdacontent | ||
| 337 | |a bez média |b n |2 rdamedia | ||
| 338 | |a svazek |b nc |2 rdacarrier | ||
| 500 | |a Přeloženo z angličtiny | ||
| 520 | 2 | |a Pohodový ženský román o matce a dcerách, poskytujících si vzájemně oporu v těžkých životních situacích. |b Než Raina Wingateová stačí zpracovat, že se jí po šestnácti letech rozpadá manželství, zazvoní jí telefon a zjistí, že její otec utrpěl mrtvici. Raina spěchá do rodinného domu na floridském ostrově Amelia a doufá, že čas odloučení jim s manželem prospěje a že zvládne udržet v chodu otcův podnik. Přiletí také její sestra Tori, rozvedená majitelka cateringové firmy v Bostonu. Nečekaný střet s poměrně atraktivním neurologem jejich otce však dodá nadcházejícím dnům a týdnům nový rozměr. Brzy se ukáže, že oporu nejvíc potřebuje Susannah, matka tří ze sedmi sester Wingateových. Jedenašedesátiletá žena, která si za všech okolností zachovává tvář, se při možnosti ztráty manžela hroutí. Nikdy své dcery nepotřebovala víc. Nakladatelská anotace. | |
| 655 | 7 | |a americké romány |7 fd131796 |2 czenas |9 53403 | |
| 655 | 7 | |a romány pro ženy |7 fd187897 |2 czenas |9 115 | |
| 655 | 9 | |a American fiction |2 eczenas | |
| 655 | 9 | |a women's novels |2 eczenas | |
| 700 | 1 | |a Hanešková, Zuzana |7 jn20020716059 |4 trl |9 108847 | |
| 710 | 2 | |a Ikar (nakladatelství) |7 xx0237091 |4 pbl |9 117123 | |
| 910 | |a UOG502 | ||
| 942 | |2 ddc |c KN | ||
| 999 | |d 106437 | ||
| 993 | |0 0 |1 421180107151 |2 ddc |4 0 |7 0 |9 99864 |b 0 |c 107151 |d 2026-06-02 |e 1 |f DOSP |h 399.00 |i Koupě |l DOSP |q 2026-07-15 |r 2026-06-03 |s 2026-06-03 |t 6 |w 2026-06-02 |y KN |z BELET |n | ||